Λυμένα προβλήματα υπολογιστικής υδραυλικής και περιβαλλοντικής μηχανικής
Αποθηκεύτηκε σε:
| Κύριος συγγραφέας: | |
|---|---|
| Μορφή: | Βιβλίο |
| Γλώσσα: | Greek |
| Δημοσίευση: |
Θεσσαλονίκη :
Τζιόλας,
2005
|
| Θέματα: | |
| Ετικέτες: |
Προσθήκη ετικέτας
Δεν υπάρχουν, Καταχωρήστε ετικέτα πρώτοι!
|
MARC
| LEADER | 00000cam a2200000 i 4500 | ||
|---|---|---|---|
| 001 | 1/39998 | ||
| 008 | 140113s2005 gre d | ||
| 035 | |l 10116306 | ||
| 040 | |a GR-MY-UA |b gre |e aacr | ||
| 041 | 0 | |a gre | |
| 082 | 0 | |a 627 |2 (22) | |
| 100 | 1 | |a Τσάνης, Ιωάννης Κ. | |
| 245 | 1 | 0 | |a Λυμένα προβλήματα υπολογιστικής υδραυλικής και περιβαλλοντικής μηχανικής / |c Ιωάννης Κ. Τσάνης |
| 260 | |a Θεσσαλονίκη : |b Τζιόλας, |c 2005 | ||
| 300 | |a 200 σ.; |b πιν.; |c 21 εκ. | ||
| 500 | |a Περιλαμβάνει ευρετήριο | ||
| 650 | 0 | 0 | |a Hydraulics. |
| 650 | 0 | 0 | |a Hydraulics |x Problems, exercises, etc. |
| 852 | |a INST |b LESVOS |c EUDOXUS |e 20140113 |h 627 ΤΣΑ |p 005100052718 |q 005100052718 |t EDX |y 0 | ||
| 852 | |a INST |b LESVOS |c EUDOXUS |e 20140113 |h 627 ΤΣΑ |p 005100052719 |q 005100052719 |t EDX |y 0 | ||
| 852 | |a INST |b LESVOS |c EUDOXUS |e 20140113 |h 627 ΤΣΑ |p 005100052720 |q 005100052720 |t EDX |y 0 | ||
| 901 | |a BIBL1-2014-1 | ||
| 909 | |a Λ |b 186425 | ||
| 909 | |a Λ |b 186424 | ||
| 909 | |a Λ |b 186417 | ||
| 920 | |a Εύδοξος |b Παραγγελία |y Λέσβος-ΤΠ |z 2013-04 | ||
| 970 | |a Τζαφέρη |b Ευαγγελία |z 2014/01/11 | ||